000 00826nam a2200241 i 4500
001 42427
003 ES-MaACL
005 20250827062558.0
007 t|
008 030324s1845 sp ||||1| spa d
080 _a342.4(460)"1845"
110 1 _aEspaña
_93622
240 1 0 _aConstitución, 1845
245 1 0 _aConstitución de la monarquía española.
260 _aMadrid :
_b[s.n.],
_c1845 (
_fImp. Nacional)
300 _a48 p. ;
_c14 cm.
505 8 _aIncluye: Acta adicional de la Constitución de la monarquía española
530 _aDisponible en formato digital.
650 _aConstituciones-
_zEspaña.
_911292
852 4 _aES-MaACL
_jD-517(5)
_z - Encuadernado con otras obras
856 4 _uhttp://bdh-rd.bne.es/viewer.vm?id=0000106795&page=1
_zBiblioteca Digital Hispánica
999 _c42427
_d42427